Resum dels acords del Consell Permanent dels mesos de ... / (Record no. 185752)
[ view plain ]
| 000 -LEADER | |
|---|---|
| campo de control de longitud fija | 00640nas a2200193 i 4500 |
| 001 - NÚMERO DE CONTROL | |
| campo de control | 185752 |
| 003 - IDENTIFICADOR DE NÚMERO DE CONTROL | |
| campo de control | ES-MaACL |
| 005 - FECHA Y HORA DE LA ÚLTIMA TRANSACCIÓN | |
| campo de control | 20250217134919.0 |
| 008 - DATOS DE LONGITUD FIJA--INFORMACIÓN GENERAL | |
| campo de control de longitud fija | 160805d19181920sp | | ||at d |
| 245 00 - MENCIÓN DEL TÍTULO | |
| Título | Resum dels acords del Consell Permanent dels mesos de ... / |
| Mención de responsabilidad, etc. | Mancomunitat de Catalunya. |
| 260 ## - PUBLICACIÓN, DISTRIBUCIÓN, ETC. | |
| Lugar de publicación, distribución, etc. | Barcelona : |
| Nombre del editor, distribuidor, etc. | La Mancomunitat], |
| Fecha de publicación, distribución, etc. | [1918]-1920 ( |
| Fabricante | Casa de Caritat) |
| 300 ## - DESCRIPCIÓN FÍSICA | |
| Extensión | 4 v. ; |
| Dimensiones | 23 cm. |
| 310 ## - PERIODICIDAD ACTUAL | |
| Periodicidad actual | Irregular |
| 651 #4 - PUNTO DE ACCESO ADICIONAL DE MATERIA--NOMBRE GEOGRÁFICO | |
| Nombre geográfico | Cataluña- |
| Subdivisión general | Política y gobierno- |
| Subdivisión cronológica | 1914-1925. |
| 9 (RLIN) | 160354 |
| 710 2# - ENTRADA AGREGADA--NOMBRE DE ENTIDAD CORPORATIVA | |
| Nombre de entidad corporativa o nombre de jurisdicción como elemento de entrada | Mancomunitat de Catalunya. |
| 9 (RLIN) | 160353 |
| 852 ## - LOCALIZACIÓN | |
| Ubicación | ES-MaACL |
| Número de control de estantería | F-7130-33 |
| 866 #0 - MENCIÓN TEXTUAL DE FONDOS--UNIDAD BIBLIOGRÁFICA BÁSICA | |
| Fondos | (1918-1919) |
| Estatus retirado | Estado de pérdida | Estado de daño | No para préstamo | Colección | Biblioteca de origen | Biblioteca actual | Ubicación en estantería | Fecha de adquisición | Fuente de adquisición | Total de préstamos | Signatura topográfica completa | Código de barras | Visto por última vez | Precio de reemplazo | Tipo de ítem Koha |
|---|---|---|---|---|---|---|---|---|---|---|---|---|---|---|---|
| Periódicos y Revistas | Biblioteca del Ateneo de Madrid | Biblioteca del Ateneo de Madrid | Depósito 2 | 05/08/2016 | F-7130-33 | 1195805 | 23/02/2023 | 23/02/2023 | Revista |
